| 000 | 00525nam a2200205Ia 4500 | ||
|---|---|---|---|
| 003 | OSt | ||
| 005 | 20250728163804.0 | ||
| 008 | 210210b1964 xxu||||| |||| 00| 0 eng d | ||
| 040 | _cAL | ||
| 041 | _aeng | ||
| 082 | _a512.02 JACL | ||
| 100 |
_aNathan Jacobson _9220550 |
||
| 245 |
_aLectures in abstract algebra _b: Basic concepts Vol 1 |
||
| 260 |
_aND _bAffiliated East-West Prees Pvt. Ltd. _c1964 |
||
| 300 | _axii,211p | ||
| 440 |
_aVol 1 _9220551 |
||
| 690 |
_aAlgebra _9220552 |
||
| 906 | _a037162 | ||
| 942 |
_2ddc _cBK |
||
| 999 |
_c87102 _d87102 |
||